| 000 | 00498nam a2200181 u 4500 | ||
|---|---|---|---|
| 005 | 20221126063633.0 | ||
| 008 | 080528s2007 mx 000 0 spa d | ||
| 020 | _a9789686445824 | ||
| 035 | _aUPN01000156472 | ||
| 049 | _aI | ||
| 050 | 4 |
_aPZ7 _bH3.3 |
|
| 100 | 1 |
_aHartley, Jill, _d1950- _943147 |
|
| 245 | 1 | 0 |
_aColores sabores / _cJill Hartley. |
| 260 |
_aMéxico : _bPetra, _c2007 |
||
| 300 |
_a[18] p. : _btodas il. col. |
||
| 650 | 4 |
_aLIBROS INFANTILES CON LAMINAS _911453 |
|
| 905 | _aInfantil | ||
| 999 |
_c128586 _d128586 |
||